000 01799cam a22005054i 4500
003 PE-LiUPU
005 20250731172908.0
008 170313s r 000 0 spa d
020 _a1107073790
020 _a9781107073791
035 _a(Sirsi) a167241
040 _aPE-LiUPU
_bspa
_cPE-LiUPU
_erda
049 _aPRUA
082 0 4 _a227.066
_P2
_223
040 _aPE-LiUPU
245 _aPaul and ancient rhetoric :
_btheory and practice in the hellenistic context /
_cStanley E. Porter [edited by].
264 1 _aCambridge :
_b Cambridge University Press,
_c 2016.
300 _axviii, 330 pages ;
_c24 centimeters
336 _atext
_2rdacontent
337 _aunmediated
_2rdamedia
338 _avolume
_2rdacarrier
504 _aBibliograpy : pages 285- 313.
504 _aindex : pages 325 - 330.
505 0 _aHistory of scholarship and key issues -- Paul, his education, and first-century culture -- Issues in the use of ancient rhetoric in analyzing paul's letters -- Paul and ancient rhetoric in practice.
526 _aSEG42
526 _aSEG41
526 _aSEG40
526 _aSEG39
526 _aP94
526 _aP87
526 _aP86
526 _aP85
526 _aP77
526 _aP76
526 _aP35
600 0 4 _aPablo,
_cSanto,
_sApóstol
630 0 _aBiblia.
_pN.T.
_pEpístolas de Pablo
_xCrítica, interpretación, etc.
650 0 4 _aRetórica Antigua
_xHistoria y crítica.
910 _ajck
_bncf
_cncf
_d20170313
942 _2ddc
_cBOOK
994 _aC0
_bPEPRU
596 _a1
999 _a227.066 P2
_wDEWEY
_c15996
_i75377
_f2021-11-9
_g4
_lCCODEBUL1
_mBUL
_p76.76
_r0
_sY
_tBOOK
_u2017-3-13
_xTEOLOGIA
_PP35
_0COMPRA
_o.STAFF. Colección Teologia
_d15996
980 _81
_gALBERTO SANCHEZ Responsable de Automatización